<?xml version="1.0" encoding="UTF-8"?>
<marc:record xmlns:marc="http://www.loc.gov/MARC21/slim">
   <marc:leader>00000nam a2200000 a 4500</marc:leader>
   <marc:datafield ind1="1" ind2=" " tag="100">
      <marc:subfield code="a">Holbek Trier, Cæcilia</marc:subfield>
      <marc:subfield code="4">ctb</marc:subfield>
      <marc:subfield code="e">Mitwirkende/-r</marc:subfield>
   </marc:datafield>
   <marc:datafield ind1="0" ind2="0" tag="245">
      <marc:subfield code="a">Schickt mehr Süßes</marc:subfield>
   </marc:datafield>
   <marc:datafield ind1="0" ind2="0" tag="245">
      <marc:subfield code="b">Dän. /Dt.</marc:subfield>
   </marc:datafield>
   <marc:datafield ind1="0" ind2="0" tag="245">
      <marc:subfield code="c">Regie von Caecilia Holbek Trier</marc:subfield>
   </marc:datafield>
   <marc:datafield ind1=" " ind2="1" tag="264">
      <marc:subfield code="a">Berlin</marc:subfield>
      <marc:subfield code="b">Absolut Medien</marc:subfield>
      <marc:subfield code="c">2008</marc:subfield>
   </marc:datafield>
   <marc:datafield ind1="1" ind2=" " tag="520">
      <marc:subfield code="a">Angaben aus der Verlagsmeldung

Schickt mehr Süßes : Dän. /Dt.

Ihre Ferien verbringen Anjelica und ihre Schwester Lone, elf und neun Jahre alt, bei recht betagten Verwandten auf dem Land. Im Gegensatz zu ihrer Heimatstadt Kopenhagen ist es dort schrecklich langweilig und uncool, bis die Schwestern herausbekommen, dass ihre Gastgeber in ein Altersheim verfrachtet werden sollen. Die Nachbarn stecken dahinter, und wollen sich das Grundstück der Alten unter den Nagel reißen. Anjelica und Lone schmieden einen Plan, um das zu verhindern.
</marc:subfield>
   </marc:datafield>
   <marc:datafield ind1=" " ind2=" " tag="020">
      <marc:subfield code="a">9783898481557</marc:subfield>
      <marc:subfield code="9">9783898481557</marc:subfield>
   </marc:datafield>
   <marc:datafield ind1=" " ind2=" " tag="020">
      <marc:subfield code="a">3898481557</marc:subfield>
      <marc:subfield code="9">3898481557</marc:subfield>
   </marc:datafield>
   <marc:datafield ind1=" " ind2=" " tag="041">
      <marc:subfield code="a">ger</marc:subfield>
   </marc:datafield>
</marc:record>
